Complete national parks of the United States : featuring 400+ parks, monuments, battlefields, historic sites, scenic trails, recreation areas, and seashores /

This is a comprehensive guide to every site and swath of landscape in the U.S. National Park system, from coast-to-coast and world famous national parks to lesser known sites of historical or natural significance including national trails and affiliated areas. Includes practical advice on how to rea...

Full description

Bibliographic Details
Main Author: White, Mel, 1950-
Format: Book
Language:English
Published: Washington, D.C. : National Geographic, [2009]
Subjects:

MARC

Tag First Indicator Second Indicator Subfields
LEADER 00000cam a2200000 a 4500
001 in00002711321
005 20151202141812.0
008 090629s2009 dcuab 001 0 eng
010 |a  2009026852 
020 |a 9781426205279 (hc) :  |c $40.00 
020 |z 9781426205286 (deluxe) 
020 |a 1426205279 (hc) 
020 |z 1426205287 (deluxe) 
035 |a (OCoLC)ocn424332409 
040 |a DLC  |c DLC  |d UtOrBLW 
043 |a n-us--- 
049 |a TXAM 
050 0 0 |a E160  |b .W47 2009 
082 0 0 |a 917.3  |2 22 
100 1 |a White, Mel,  |d 1950- 
245 1 0 |a Complete national parks of the United States :  |b featuring 400+ parks, monuments, battlefields, historic sites, scenic trails, recreation areas, and seashores /  |c Mel White. 
246 3 0 |a National parks of the United States 
246 3 |a National parks of the U.S. 
264 1 |a Washington, D.C. :  |b National Geographic,  |c [2009] 
264 4 |c ©2009 
300 |a 527 pages :  |b illustrations (chiefly color), color maps ;  |c 26 cm. 
336 |a text  |b txt  |2 rdacontent 
337 |a unmediated  |b n  |2 rdamedia 
338 |a volume  |b nc  |2 rdacarrier 
500 |a Includes index. 
520 |a This is a comprehensive guide to every site and swath of landscape in the U.S. National Park system, from coast-to-coast and world famous national parks to lesser known sites of historical or natural significance including national trails and affiliated areas. Includes practical advice on how to reach each park, when to go and what to do there. 
650 0 |a National parks and reserves  |z United States  |v Guidebooks. 
650 0 |a National monuments  |z United States  |v Guidebooks. 
650 0 |a Battlefields  |z United States  |v Guidebooks. 
650 0 |a Historic sites  |z United States  |v Guidebooks. 
650 0 |a Coasts  |z United States  |v Guidebooks. 
650 0 |a Recreation areas  |z United States  |v Guidebooks. 
650 0 |a Wild and scenic rivers  |z United States  |v Guidebooks. 
651 0 |a United States  |v Guidebooks. 
945 |a PromptCat 
946 |a stk 
947 |a A14840446007 
948 |a cataloged  |b h  |c 2011/8/11  |d c  |e dmitchel  |f 8:00:00 am 
994 |a 92  |b TXA 
999 |a MARS 
999 f f |s 49d42857-57b8-308f-bfcd-b120ee9b724e  |i 43556fc6-f7ee-3f92-a6a5-5cf5c6886cb3  |t 0 
952 f f |p normal  |a Texas A&M University  |b College Station  |c Sterling C. Evans Library  |d Evans: Library Stacks  |t 0  |e E160 .W47 2009  |h Library of Congress classification  |i unmediated -- volume  |m A14840446007 
998 f f |a E160 .W47 2009  |t 0  |l Evans: Library Stacks